[Event "Rated Blitz game"]
[Site "?"]
[Date "2021.10.28"]
[Round "?"]
[White "NguyenDucHoa"]
[Black "MischieviousPawn"]
[Result "0-1"]
[WhiteElo "2644"]
[BlackElo "2546"]
[PlyCount "44"]
[EventDate "2021.??.??"]
[EventType "blitz"]

1. e4 e5 2. Nf3 d5 3. d4 dxe4 4. Nxe5 Bd6 5. f4 Ne7 6. Bc4 O-O 7. Nc3 Nec6 8.
Be3 Qh4+ 9. g3 Qh3 10. Qe2 Bxe5 11. fxe5 Bg4 12. Qf1 Qh5 13. Nxe4 Bf3 14. Be2
Bxe2 15. Qxe2 Qg6 16. Qf3 Nb4 17. O-O-O Nxa2+ 18. Kb1 Nb4 19. Bd2 N8c6 20. Rhe1
Nxd4 21. Qf4 Nbxc2 22. Rf1 Qa6 {Normal} 0-1

[Event "Rated Blitz game"]
[Site "?"]
[Date "2021.10.28"]
[Round "?"]
[White "mostrovski"]
[Black "MischieviousPawn"]
[Result "0-1"]
[WhiteElo "2651"]
[BlackElo "2559"]
[PlyCount "48"]
[EventDate "2021.??.??"]
[EventType "blitz"]

1. e4 e5 2. Nf3 d5 3. exd5 e4 4. Qe2 Nf6 5. d3 Qxd5 6. Nc3 Bb4 7. Bd2 Bxc3 8.
Bxc3 O-O 9. dxe4 Nxe4 10. Qc4 Nxc3 11. Qxc3 Re8+ 12. Be2 Qe6 13. Qe3 Qxe3 14.
fxe3 Rxe3 15. O-O-O Nc6 16. Bb5 Bg4 17. Rhe1 Rxe1 18. Rxe1 Bxf3 19. gxf3 Nd4
20. Bc4 Kf8 21. c3 Nxf3 22. Re3 Ng5 23. h4 Ne6 24. Bxe6 Re8 {Normal} 0-1

[Event "Rated Blitz game"]
[Site "?"]
[Date "2021.10.28"]
[Round "?"]
[White "DaVy_JoneSS-1703"]
[Black "dr_xStranger"]
[Result "0-1"]
[WhiteElo "2622"]
[BlackElo "2624"]
[PlyCount "48"]
[EventDate "2021.??.??"]
[EventType "blitz"]

1. e4 e5 2. Nf3 d5 3. exd5 e4 4. Qe2 Nf6 5. d3 Bb4+ 6. Nbd2 O-O 7. dxe4 Nxe4 8.
Qxe4 Re8 9. Ne5 Bd6 10. f4 f6 11. Bd3 g6 12. O-O fxe5 13. f5 Bxf5 14. Rxf5 gxf5
15. Qxf5 Qd7 16. Qh5 Bc5+ 17. Kh1 Rf8 18. Ne4 Bd4 19. Bh6 Rf7 20. Qg5+ Kh8 21.
Nf6 Qd8 22. Nxh7 Qxg5 23. Nxg5 Rf6 24. c3 Bb6 {Normal} 0-1

[Event "Rated Blitz game"]
[Site "?"]
[Date "2021.10.28"]
[Round "?"]
[White "jamshah12345"]
[Black "GrandeGila"]
[Result "0-1"]
[WhiteElo "2403"]
[BlackElo "2536"]
[PlyCount "20"]
[EventDate "2021.??.??"]
[EventType "blitz"]

1. e4 e5 2. Nf3 d5 3. exd5 e4 4. Qe2 Nf6 5. Nc3 Be7 6. Nxe4 Nxd5 7. d4 O-O 8.
Qd1 Re8 9. Be2 Bb4+ 10. Ned2 Nf4 {Normal} 0-1

[Event "Rated Blitz game"]
[Site "?"]
[Date "2021.10.28"]
[Round "?"]
[White "elmedallo"]
[Black "emiliofelixramirez"]
[Result "1-0"]
[WhiteElo "2449"]
[BlackElo "2451"]
[PlyCount "77"]
[EventDate "2021.??.??"]
[EventType "blitz"]

1. e4 e5 2. Nf3 d5 3. Nc3 d4 4. Ne2 f6 5. Ng3 c5 6. a4 Nc6 7. Bc4 g6 8. h4 h5
9. Ng1 Qe7 10. d3 Be6 11. b3 Nh6 12. Nh3 Nf7 13. f4 O-O-O 14. f5 gxf5 15. exf5
Bxc4 16. bxc4 Nd6 17. Qf3 Nb4 18. Kd1 Rg8 19. Nf2 Qg7 20. Rh3 Be7 21. Bd2 a5
22. Bxb4 axb4 23. Ke2 Qh6 24. a5 Kc7 25. Nge4 Nxe4 26. Nxe4 Rg4 27. g3 Ra8 28.
Ra2 Kc8 29. Rh1 Qh8 30. a6 Rxa6 31. Rxa6 bxa6 32. Ra1 Qh6 33. Rxa6 Qc1 34. Nd6+
Bxd6 35. Qc6+ Kd8 36. Qxd6+ Ke8 37. Qe6+ Kd8 38. Rd6+ Kc7 39. Rd7+ {Normal} 1-0

[Event "Rated Blitz game"]
[Site "?"]
[Date "2021.10.28"]
[Round "?"]
[White "markovic5"]
[Black "MischieviousPawn"]
[Result "1-0"]
[WhiteElo "2705"]
[BlackElo "2542"]
[PlyCount "39"]
[EventDate "2021.??.??"]
[EventType "blitz"]

1. e4 e5 2. Nf3 d5 3. exd5 e4 4. Qe2 Nf6 5. Nc3 Be7 6. Nxe4 O-O 7. d3 Nxd5 8.
Be3 f5 9. Nc3 Nxc3 10. bxc3 Bf6 11. d4 Re8 12. g3 g5 13. h4 f4 14. hxg5 fxe3
15. Qd3 Bg7 16. Qxh7+ Kf8 17. Rh4 Re7 18. Rf4+ Ke8 19. Qg8+ Kd7 20. Bh3+ {
Normal} 1-0

[Event "Rated Blitz game"]
[Site "?"]
[Date "2021.10.28"]
[Round "?"]
[White "BlindedDreadnaught"]
[Black "MischieviousPawn"]
[Result "0-1"]
[WhiteElo "2645"]
[BlackElo "2535"]
[PlyCount "78"]
[EventDate "2021.??.??"]
[EventType "blitz"]

1. e4 e5 2. Nf3 d5 3. exd5 e4 4. Qe2 Nf6 5. Nc3 Be7 6. Nxe4 O-O 7. d4 Nxd5 8.
Be3 f5 9. Nc5 f4 10. Bd2 Bxc5 11. dxc5 Re8 12. Ne5 Nc6 13. O-O-O Rxe5 14. Qc4
Be6 15. Bd3 Ndb4 16. Qxf4 Nxd3+ 17. cxd3 Rxc5+ 18. Bc3 Qd4 19. Qd2 Bxa2 20.
Rhe1 Bb3 21. Re4 Qf6 22. Rde1 Rf8 23. Rg4 Ne5 24. Rxe5 Qxe5 25. Kb1 Rxc3 26.
bxc3 Be6 27. Kb2 a5 28. Re4 Qb5+ 29. Kc1 Bf5 30. Rd4 c5 31. Rd6 Re8 32. Qa2+
Kh8 33. Qd5 Bg6 34. h4 Qa4 35. h5 Re1+ 36. Kb2 Qa1+ 37. Kb3 Rb1+ 38. Kc4 Qa4+
39. Kxc5 Rb5# {Normal} 0-1

[Event "Rated Blitz game"]
[Site "?"]
[Date "2021.10.28"]
[Round "?"]
[White "Strelok2222"]
[Black "MischieviousPawn"]
[Result "1-0"]
[WhiteElo "2570"]
[BlackElo "2555"]
[PlyCount "47"]
[EventDate "2021.??.??"]
[EventType "blitz"]

1. e4 e5 2. Nf3 d5 3. Nxe5 Bc5 4. d4 Bd6 5. exd5 Nf6 6. c4 O-O 7. Be2 Re8 8.
O-O c6 9. Nc3 cxd5 10. cxd5 Nbd7 11. Nc4 Bb8 12. a4 Nb6 13. Nxb6 Qxb6 14. a5
Qd6 15. g3 Nxd5 16. Nxd5 Qxd5 17. Bf3 Qf5 18. a6 Qd7 19. Re1 Rxe1+ 20. Qxe1 h6
21. Qb4 Bd6 22. axb7 Rb8 23. bxc8=Q+ Rxc8 24. Qe1 {Normal} 1-0

[Event "Rated Blitz game"]
[Site "?"]
[Date "2021.10.28"]
[Round "?"]
[White "Maghreb"]
[Black "MischieviousPawn"]
[Result "1-0"]
[WhiteElo "2618"]
[BlackElo "2543"]
[PlyCount "45"]
[EventDate "2021.??.??"]
[EventType "blitz"]

1. e4 e5 2. Nf3 d5 3. exd5 e4 4. Qe2 Nf6 5. Nc3 Be7 6. Nxe4 O-O 7. d3 Nxd5 8.
g3 f5 9. Nc3 Nxc3 10. bxc3 Bf6 11. d4 c5 12. Be3 Nc6 13. Qc4+ Kh8 14. Qxc5 f4
15. gxf4 Bg4 16. Be2 Rc8 17. Qb5 Bxf3 18. Bxf3 Bxd4 19. cxd4 Nxd4 20. Bxd4 Qxd4
21. O-O Rxc2 22. Qe5 Qd3 23. Bg2 {Normal} 1-0

[Event "Rated Blitz game"]
[Site "?"]
[Date "2021.10.28"]
[Round "?"]
[White "BMpachess"]
[Black "MischieviousPawn"]
[Result "1-0"]
[WhiteElo "2571"]
[BlackElo "2552"]
[PlyCount "45"]
[EventDate "2021.??.??"]
[EventType "blitz"]

1. e4 e5 2. Nf3 d5 3. Nxe5 Bc5 4. d4 Bd6 5. exd5 Nf6 6. c4 O-O 7. Be2 Re8 8. f4
c6 9. dxc6 Nxc6 10. O-O Bf5 11. Nc3 a6 12. Be3 Qc7 13. c5 Bf8 14. Bc4 Re7 15.
Nd5 Nxd5 16. Bxd5 Rd8 17. Qf3 Kh8 18. Bxc6 bxc6 19. Qxc6 Qb8 20. Qb6 Qa8 21.
Nc6 Re6 22. Qxd8 Qxc6 23. Qxf8# {Normal} 1-0

[Event "Rated Blitz game"]
[Site "?"]
[Date "2021.10.28"]
[Round "?"]
[White "Tuzibaba"]
[Black "MischieviousPawn"]
[Result "1-0"]
[WhiteElo "2629"]
[BlackElo "2524"]
[PlyCount "85"]
[EventDate "2021.??.??"]
[EventType "blitz"]

1. e4 e5 2. Nf3 d5 3. exd5 e4 4. Qe2 Nf6 5. d3 Qxd5 6. Nbd2 Qa5 7. dxe4 a6 8.
c3 Nc6 9. e5 Ng4 10. Nc4 Qc5 11. h3 Nh6 12. b4 Qd5 13. Bf4 Be6 14. Rd1 Qb5 15.
Qe4 Qa4 16. Be2 Nxb4 17. O-O Qc6 18. Qd4 Nd5 19. Bxh6 gxh6 20. Ne3 Bc5 21. Nxd5
Bxd4 22. Nf6+ Ke7 23. Nxd4 Qxc3 24. Nxe6 Qxe5 25. Nd5+ Kxe6 26. Bg4+ f5 27. f4
Qb2 28. Rfe1+ Kf7 29. Bh5+ Kf8 30. Nxc7 Rg8 31. Ne6+ Ke7 32. Bf3 Rxg2+ 33. Bxg2
Rg8 34. Nd4+ Kf7 35. Re2 Qb6 36. Kh1 Rd8 37. Red2 Kg6 38. Nf3 Rxd2 39. Rxd2 Qc5
40. Ne5+ Kf6 41. Nf3 Qb4 42. Rd4 b5 43. Rxb4 {Normal} 1-0

[Event "Rated Blitz game"]
[Site "?"]
[Date "2021.10.28"]
[Round "?"]
[White "Mavi_alpha"]
[Black "MischieviousPawn"]
[Result "1-0"]
[WhiteElo "2634"]
[BlackElo "2537"]
[PlyCount "119"]
[EventDate "2021.??.??"]
[EventType "blitz"]

1. e4 e5 2. Nf3 d5 3. exd5 e4 4. Qe2 Nf6 5. Nc3 Be7 6. Nxe4 O-O 7. Nxf6+ Bxf6
8. Qd1 Qxd5 9. Be2 c5 10. O-O Nc6 11. d3 Bg4 12. c3 Rfe8 13. Be3 Rad8 14. Qb3
Qd7 15. h3 Be6 16. Qa4 b6 17. Nd2 Ne5 18. Qxd7 Rxd7 19. d4 cxd4 20. cxd4 Nc6
21. Bb5 Nxd4 22. Bxd4 Bxd4 23. Bxd7 Bxd7 24. Rfe1 Rf8 25. Re7 Bf5 26. Rxa7 Bxb2
27. Rd1 Bc2 28. Re1 Bc3 29. Re2 Bd1 30. Ree7 Bxd2 31. Red7 Ba5 32. Rxd1 g6 33.
Rad7 b5 34. R7d5 Rb8 35. Rb1 Ra8 36. Rdxb5 Bc7 37. R5b2 Be5 38. Rc2 Kg7 39. g3
h5 40. h4 Ra3 41. Rb3 Ra4 42. Kg2 f6 43. a3 Bd6 44. Ra2 g5 45. Rd3 Bf8 46. Rd7+
Kg6 47. hxg5 fxg5 48. Rd3 h4 49. gxh4 gxh4 50. Rd8 Be7 51. Rd7 Kf6 52. Rd3 Bc5
53. Kh3 Rf4 54. f3 Be7 55. a4 Kf5 56. a5 Rc4 57. a6 Rc1 58. a7 Rh1+ 59. Kg2 Ra1
60. Rxa1 {Normal} 1-0

[Event "Rated Blitz game"]
[Site "?"]
[Date "2021.10.28"]
[Round "?"]
[White "Mrios"]
[Black "MischieviousPawn"]
[Result "0-1"]
[WhiteElo "2595"]
[BlackElo "2560"]
[PlyCount "36"]
[EventDate "2021.??.??"]
[EventType "blitz"]

1. e4 e5 2. Nf3 d5 3. Nxe5 Bd6 4. d4 dxe4 5. Nc4 Nf6 6. Be2 Nc6 7. Be3 Bf5 8.
O-O h5 9. Nxd6+ Qxd6 10. c4 O-O-O 11. d5 Ne5 12. Qd2 Nfg4 13. g3 h4 14. Nc3
Nxh2 15. Kxh2 hxg3+ 16. Kg1 g2 17. Kxg2 Nf3 18. Bxf3 Qh2# {Normal} 0-1

[Event "Rated Blitz game"]
[Site "?"]
[Date "2021.10.28"]
[Round "?"]
[White "SandyWexler"]
[Black "MischieviousPawn"]
[Result "0-1"]
[WhiteElo "2637"]
[BlackElo "2539"]
[PlyCount "162"]
[EventDate "2021.??.??"]
[EventType "blitz"]

1. e4 e5 2. Nf3 d5 3. exd5 e4 4. Qe2 Nf6 5. Nc3 Be7 6. Nxe4 O-O 7. d3 Nxd5 8.
Bd2 f5 9. Nc3 Nxc3 10. Bxc3 Bf6 11. Bxf6 Qxf6 12. O-O-O c5 13. g3 Nc6 14. Bg2
Be6 15. Rhe1 Bxa2 16. Nd2 Nb4 17. Qe7 Qa6 18. Bxb7 Qa4 19. Nb3 Bxb3 20. cxb3
Qa1+ 21. Kd2 Qxb2+ 22. Ke3 Rae8 23. Kf3 Rxe7 24. Rxe7 f4 25. gxf4 Qf6 26. Re4
Qb6 27. Re7 Nc6 28. Rde1 Nd4+ 29. Kg2 Qg6+ 30. Kh1 Qxd3 31. Bd5+ Kh8 32. Re8
Qf5 33. Rxf8+ Qxf8 34. Ra1 Qb8 35. Re1 g6 36. Re7 Qxf4 37. Re8+ Kg7 38. Rg8+
Kh6 39. Re8 Nf3 40. Kg2 Nxh2 41. Re4 Qg5+ 42. Kxh2 Qxd5 43. Rh4+ Kg7 44. Rh3
Qf5 45. Kg2 Qxh3+ 46. Kxh3 Kf6 47. Kg4 h5+ 48. Kf4 g5+ 49. Ke4 h4 50. f3 h3 51.
f4 h2 52. fxg5+ Kxg5 53. Kd5 h1=Q+ 54. Kxc5 Qb7 55. b4 Qb6+ 56. Kc4 Kf6 57. b5
Ke7 58. Kb4 Kd8 59. Kc4 Kc7 60. Kb4 Kd6 61. Kc4 Qc5+ 62. Kb3 Qxb5+ 63. Ka3 Qb6
64. Ka4 Ke5 65. Ka3 Kf5 66. Ka2 Kg6 67. Ka3 Kh5 68. Ka2 Kh4 69. Ka3 Kh3 70. Ka4
Kh2 71. Ka3 Kh1 72. Ka4 Kg2 73. Ka3 Kf3 74. Ka4 Ke2 75. Ka3 Kd3 76. Ka2 Ke2 77.
Ka1 Ke1 78. Ka2 Kd1 79. Ka3 Kc2 80. Ka4 Kc3 81. Ka3 Qb3# {Normal} 0-1

[Event "Rated Blitz game"]
[Site "?"]
[Date "2021.10.28"]
[Round "?"]
[White "MarcinPol137"]
[Black "alaeldin1212"]
[Result "0-1"]
[WhiteElo "2440"]
[BlackElo "2399"]
[PlyCount "48"]
[EventDate "2021.??.??"]
[EventType "blitz"]

1. e4 e5 2. Nf3 d5 3. exd5 e4 4. Qe2 Nf6 5. Nc3 Be7 6. Nxe4 O-O 7. Nxf6+ Bxf6
8. Qd3 Nd7 9. c4 Nc5 10. Qc2 g6 11. d4 Bf5 12. Qd1 Re8+ 13. Be2 Nd3+ 14. Kf1
Nb4 15. Bf4 Rxe2 16. Kxe2 Bd3+ 17. Kd2 c5 18. a3 Bc2 19. Qf1 Nd3 20. Be5 cxd4
21. Bxf6 Qxf6 22. Kxc2 Nc5 23. Ne1 b5 24. Rd1 Qf5+ {Time forfeit} 0-1

[Event "Rated Blitz game"]
[Site "?"]
[Date "2021.10.28"]
[Round "?"]
[White "NguyenDucHoa"]
[Black "MischieviousPawn"]
[Result "0-1"]
[WhiteElo "2619"]
[BlackElo "2546"]
[PlyCount "88"]
[EventDate "2021.??.??"]
[EventType "blitz"]

1. e4 e5 2. Nf3 d5 3. exd5 Bd6 4. Nc3 Nf6 5. d3 Nbd7 6. Bg5 h6 7. Bxf6 Nxf6 8.
Be2 O-O 9. O-O Re8 10. Nd2 b6 11. Bf3 Bb7 12. Re1 Bb4 13. Nc4 Bxc3 14. bxc3
Nxd5 15. Qd2 f6 16. Ne3 c6 17. c4 Nxe3 18. Qxe3 Qd7 19. c5 Qd4 20. Rab1 b5 21.
c4 a6 22. a4 Qxe3 23. Rxe3 Rab8 24. cxb5 cxb5 25. c6 Bc8 26. d4 Bf5 27. Rc1
exd4 28. Bd5+ Kh7 29. Rf3 Be4 30. Bxe4+ Rxe4 31. Rb3 Rc8 32. axb5 axb5 33. f3
Re6 34. c7 Rd6 35. Rxb5 d3 36. Rbc5 d2 37. Rd1 Rd7 38. Kf2 Rcxc7 39. Rxc7 Rxc7
40. Rxd2 Re7 41. h4 Kg6 42. Kg3 h5 43. Kh3 Re5 44. Rd5 Rxd5 {Normal} 0-1

[Event "Rated Blitz game"]
[Site "?"]
[Date "2021.10.28"]
[Round "?"]
[White "Mr_Lucky_Number"]
[Black "Mrkool1_2020"]
[Result "1/2-1/2"]
[WhiteElo "2403"]
[BlackElo "2278"]
[PlyCount "147"]
[EventDate "2021.??.??"]
[EventType "blitz"]

1. e4 e5 2. Nf3 d5 3. Nxe5 Bd6 4. d4 dxe4 5. f4 exf3 6. Nxf3 Nf6 7. Bd3 O-O 8.
O-O h6 9. c3 Bg4 10. h3 Bh5 11. Nbd2 Bg3 12. Ne4 Nxe4 13. Bxe4 c6 14. Qd3 Nd7
15. Be3 Qc7 16. Bf5 Rad8 17. Qd2 Qd6 18. Ne1 Rfe8 19. Bf4 Bxf4 20. Qxf4 Qxf4
21. Rxf4 Re2 22. g4 Bg6 23. Bxg6 fxg6 24. Nd3 Nf6 25. Re1 Rde8 26. Rff1 R8e3
27. Rxe2 Rxe2 28. Re1 Rd2 29. Re3 g5 30. Kf1 h5 31. Ke1 Rh2 32. gxh5 Nxh5 33.
a4 Nf4 34. b4 Ng2+ 35. Ke2 Nxe3+ 36. Kxe3 Rxh3+ 37. Ke4 g4 38. c4 g3 39. Ne1
Rh4+ 40. Ke3 g5 41. Ng2 Rh3 42. Kf3 Kf7 43. Kg4 Rh2 44. Kxg3 Rh8 45. Kg4 Kf6
46. Kf3 Rd8 47. Ke4 Re8+ 48. Kf3 g4+ 49. Kxg4 Re4+ 50. Kf3 Rxd4 51. Ne3 Ke5 52.
Ng4+ Kd6 53. Ne3 a6 54. c5+ Ke5 55. Nc2 Rc4 56. Ne3 Rxb4 57. Ng4+ Rxg4 58. Kxg4
Kd4 59. Kf3 Kxc5 60. Ke2 Kb4 61. Kd3 Kxa4 62. Kc2 Kb4 63. Kb2 a5 64. Kb1 a4 65.
Kb2 a3+ 66. Ka2 c5 67. Kb1 c4 68. Kc2 c3 69. Kb1 Kb3 70. Ka1 b5 71. Kb1 b4 72.
Ka1 Kc4 73. Kb1 b3 74. Ka1 {Time forfeit} 1/2-1/2

[Event "Rated Blitz game"]
[Site "?"]
[Date "2021.10.28"]
[Round "?"]
[White "MarkusMaischberger"]
[Black "RiskyBlitzer"]
[Result "1-0"]
[WhiteElo "2560"]
[BlackElo "2506"]
[PlyCount "127"]
[EventDate "2021.??.??"]
[EventType "blitz"]

1. e4 e5 2. Nf3 d5 3. Nxe5 dxe4 4. Nc3 Bd6 5. Nc4 Nf6 6. d3 Bb4 7. Bd2 Bg4 8.
Be2 Bxe2 9. Qxe2 O-O 10. Nxe4 Bxd2+ 11. Ncxd2 Nd5 12. O-O Nc6 13. Nb3 Re8 14.
Qf3 Ne5 15. Qg3 Nb4 16. Rfc1 f5 17. Ned2 Qf6 18. a3 Nbc6 19. d4 Ng6 20. Qxc7
Re7 21. Qg3 Nxd4 22. Nxd4 Qxd4 23. Qb3+ Kh8 24. Nf3 Qg4 25. h3 Qh5 26. Re1 Rae8
27. Qxb7 h6 28. Rxe7 Rxe7 29. Qd5 Kh7 30. Re1 Nf4 31. Qd2 Rxe1+ 32. Nxe1 Qg5
33. Kh2 h5 34. g3 Nxh3 35. Qxg5 Nxg5 36. Kg2 Kg6 37. b4 Ne6 38. c4 Kf6 39. c5
Ke7 40. Nd3 g5 41. f4 h4 42. fxg5 hxg3 43. Kxg3 Nxg5 44. Kf4 Kf6 45. c6 Ne6+
46. Ke3 Ke7 47. Nf4 Nc7 48. Kd4 Kd6 49. b5 a6 50. Kc4 axb5+ 51. Kb4 Nd5+ 52.
Nxd5 Kxd5 53. Kxb5 f4 54. c7 f3 55. c8=Q Kd4 56. Qc1 Ke4 57. Qf1 Kf4 58. a4 Ke3
59. a5 f2 60. a6 Kf3 61. a7 Ke4 62. a8=Q+ Kd4 63. Qag2 Kc3 64. Qgxf2 {Normal}
1-0

[Event "Rated Blitz game"]
[Site "?"]
[Date "2021.10.28"]
[Round "?"]
[White "olkhovskiy"]
[Black "alaeldin1212"]
[Result "0-1"]
[WhiteElo "2465"]
[BlackElo "2399"]
[PlyCount "68"]
[EventDate "2021.??.??"]
[EventType "blitz"]

1. e4 e5 2. Nf3 d5 3. Nxe5 Bd6 4. d4 dxe4 5. Nc4 Nf6 6. Bg5 O-O 7. Nc3 Nc6 8.
Qd2 h6 9. Bh4 Bg4 10. Nd5 g5 11. Bxg5 Nxd5 12. Bxd8 Bf4 13. Ne3 Raxd8 14. Bc4
Ncb4 15. Bxd5 Nxd5 16. c4 Nxe3 17. fxe3 Bg5 18. O-O Rd6 19. Rae1 Rg6 20. Qa5
Bh4 21. Qxc7 Bxe1 22. Rxe1 Bf3 23. g3 Rc6 24. Qxb7 Rxc4 25. Rf1 Rc2 26. Rxf3
exf3 27. Qxf3 Rxb2 28. Qg4+ Kh8 29. Qf5 Rxa2 30. Qf6+ Kh7 31. d5 Rb8 32. Qf5+
Kg8 33. d6 Rbb2 34. d7 Ra1+ {Normal} 0-1

[Event "Rated Blitz game"]
[Site "?"]
[Date "2021.10.28"]
[Round "?"]
[White "MeelistheMadman"]
[Black "MischieviousPawn"]
[Result "1-0"]
[WhiteElo "2544"]
[BlackElo "2525"]
[PlyCount "43"]
[EventDate "2021.??.??"]
[EventType "blitz"]

1. e4 e5 2. Nf3 d5 3. exd5 e4 4. Ne5 Nf6 5. d4 Bd6 6. Bg5 c6 7. dxc6 Nxc6 8.
Nxc6 bxc6 9. Nd2 Bf5 10. Bc4 Qc7 11. h3 Nd5 12. c3 Rb8 13. Bb3 e3 14. Bxe3 Nxe3
15. fxe3 Bd3 16. Nf3 Bg3+ 17. Kd2 Be4 18. Ng5 Bg6 19. Rf1 O-O 20. Qf3 Bh4 21.
Nxf7 Rxb3 22. Nh6+ {Normal} 1-0

[Event "Rated Blitz game"]
[Site "?"]
[Date "2021.10.28"]
[Round "?"]
[White "Oleggelo17"]
[Black "walodelpalo"]
[Result "1-0"]
[WhiteElo "2489"]
[BlackElo "2387"]
[PlyCount "69"]
[EventDate "2021.??.??"]
[EventType "blitz"]

1. e4 e5 2. Nf3 d5 3. Nxe5 Bd6 4. d4 dxe4 5. Be2 Bxe5 6. dxe5 Qxd1+ 7. Bxd1 Nc6
8. Bf4 Nge7 9. Nc3 Ng6 10. Bg3 Bf5 11. O-O O-O-O 12. Re1 h5 13. h4 Ncxe5 14.
Nxe4 f6 15. f3 Rhe8 16. b3 Bxe4 17. Rxe4 Rd2 18. Be1 Rdd8 19. Bf2 f5 20. Re1
Nc6 21. Rxe8 Rxe8 22. Kf1 Nf4 23. Bg3 Nd5 24. c4 Ne3+ 25. Kf2 Nd4 26. Bf4 Nec2
27. Bxc2 Nxc2 28. Rd1 c5 29. Rd5 b6 30. Rxf5 Nb4 31. Rxh5 Nd3+ 32. Kg3 Re2 33.
Rg5 g6 34. Bd6 Kd7 35. Bb8 {Time forfeit} 1-0

[Event "Rated Blitz game"]
[Site "?"]
[Date "2021.10.28"]
[Round "?"]
[White "Roberto_Baggio1978"]
[Black "Annali-annaliew1979"]
[Result "1/2-1/2"]
[WhiteElo "2558"]
[BlackElo "2502"]
[PlyCount "137"]
[EventDate "2021.??.??"]
[EventType "blitz"]

1. e4 e5 2. Nf3 d5 3. exd5 e4 4. Qe2 f5 5. d3 Nf6 6. Bg5 Be7 7. Bxf6 Bxf6 8.
Nc3 O-O 9. dxe4 Bxc3+ 10. bxc3 fxe4 11. Qxe4 Bf5 12. Qd4 Nd7 13. O-O-O b6 14.
Bd3 Bxd3 15. cxd3 Nc5 16. Rhe1 Qd6 17. Qe5 Qh6+ 18. Kb2 Qg6 19. Kc2 Rae8 20.
Qg3 Qf5 21. Rxe8 Rxe8 22. Nd4 Qxd5 23. Kb2 Na4+ 24. Ka3 b5 25. Qxc7 a5 26. Qc6
Nxc3 27. Qxd5+ Nxd5 28. Nxb5 Re2 29. Kb3 Rxf2 30. Nc3 Nb4 31. a3 Nc6 32. d4
Rxg2 33. d5 Ne5 34. d6 Nd7 35. Ka4 Rxh2 36. Kxa5 Rc2 37. Nb5 h5 38. Ka6 h4 39.
a4 h3 40. a5 h2 41. Kb7 Rb2 42. a6 Rxb5+ 43. Kc6 Ra5 44. Kxd7 Rxa6 45. Ke7 Kh7
46. d7 Ra7 47. Ke6 Ra8 48. Rh1 Kg6 49. Rxh2 Kg5 50. Rg2+ Kh6 51. Rc2 Ra6+ 52.
Ke5 Ra5+ 53. Ke4 Ra4+ 54. Ke3 Ra3+ 55. Ke2 Rh3 56. d8=Q Rh2+ 57. Kd3 Rh5 58.
Re2 g6 59. Re8 Rf5 60. Rh8+ Kg7 61. Qg8+ Kf6 62. Rh6 Rg5 63. Rh7 Kf5 64. Qf8+
Kg4 65. Qf1 Rd5+ 66. Ke4 Rh5 67. Qg2+ Kh4 68. Rxh5+ gxh5 69. Kf4 {Normal}
1/2-1/2

[Event "Rated Blitz game"]
[Site "?"]
[Date "2021.10.28"]
[Round "?"]
[White "john-orlando99"]
[Black "Supali"]
[Result "1-0"]
[WhiteElo "2414"]
[BlackElo "2264"]
[PlyCount "115"]
[EventDate "2021.??.??"]
[EventType "blitz"]

1. e4 e5 2. Nf3 d5 3. Nc3 dxe4 4. Nxe4 f5 5. Ng3 e4 6. Qe2 Nf6 7. d3 Be7 8.
dxe4 fxe4 9. Nxe4 O-O 10. Qc4+ Kh8 11. Bd3 Nxe4 12. Bxe4 Nd7 13. Be3 Nf6 14.
Bd3 Nd5 15. Bd2 Be6 16. Qe4 Bf5 17. Qe2 Bf6 18. O-O-O Re8 19. Qf1 Be6 20. Kb1
Qd6 21. c4 Nb4 22. Be4 Bf7 23. Bc3 Qb6 24. Bxf6 Qxf6 25. Qe1 a5 26. Nd2 Bg6 27.
f3 a4 28. Qe3 a3 29. bxa3 Nc6 30. Qb3 Ra6 31. Bxg6 Qxg6+ 32. Qc2 Qxg2 33. Rhg1
Rb6+ 34. Nb3 Qxf3 35. Rd7 Rg8 36. Rd3 Qf5 37. Rdg3 Qxc2+ 38. Kxc2 Nd4+ 39. Nxd4
Rh6 40. h3 Rh4 41. Kc3 h6 42. Nf5 Rf4 43. Ne7 Re8 44. Ng6+ Kh7 45. Nxf4 g5 46.
Nd5 Kg6 47. h4 Re5 48. hxg5 h5 49. Nf4+ Kg7 50. g6 h4 51. Rh3 b5 52. Rxh4 b4+
53. Kxb4 c5+ 54. Kb5 Re3 55. Rh7+ Kg8 56. Nd5 Re2 57. Nf6+ Kf8 58. Rf7# {Normal
} 1-0

[Event "Rated Blitz game"]
[Site "?"]
[Date "2021.10.28"]
[Round "?"]
[White "Leg_e_nda"]
[Black "batalla2"]
[Result "0-1"]
[WhiteElo "2369"]
[BlackElo "2461"]
[PlyCount "30"]
[EventDate "2021.??.??"]
[EventType "blitz"]

1. e4 e5 2. Nf3 d5 3. Nxe5 Bd6 4. d4 dxe4 5. Bf4 Nf6 6. Nc3 O-O 7. Bc4 Bf5 8.
O-O Nbd7 9. Qe2 Qe7 10. Nxd7 Qxd7 11. Bxd6 Qxd6 12. Rad1 Rfe8 13. Nb5 Qb6 14.
Bb3 Bg4 15. f3 exf3 {Normal} 0-1

[Event "Rated Blitz game"]
[Site "?"]
[Date "2021.10.28"]
[Round "?"]
[White "Blue56"]
[Black "lavilaine"]
[Result "0-1"]
[WhiteElo "2377"]
[BlackElo "2445"]
[PlyCount "130"]
[EventDate "2021.??.??"]
[EventType "blitz"]

1. e4 e5 2. Nf3 d5 3. exd5 e4 4. Nd4 Qxd5 5. Nb3 f5 6. Nc3 Qe5 7. Qe2 Nf6 8. d3
Bd6 9. dxe4 fxe4 10. Qb5+ Nc6 11. Qxe5+ Nxe5 12. Be2 Bg4 13. Bg5 Bxe2 14. Kxe2
O-O-O 15. Bxf6 gxf6 16. Nxe4 Ng4 17. Nxd6+ Rxd6 18. Kf3 Ne5+ 19. Ke2 Re8 20.
Kf1 Nc4 21. Re1 Rxe1+ 22. Kxe1 Nxb2 23. Ke2 Na4 24. Ke3 Nc3 25. a4 Nxa4 26. Ra1
b5 27. Nd4 a6 28. c4 c5 29. Nf5 Re6+ 30. Kf4 Nb2 31. cxb5 axb5 32. Rb1 Nd3+ 33.
Kf3 b4 34. Rd1 c4 35. Nd4 Rd6 36. Nb5 Ne5+ 37. Ke2 Rxd1 38. Kxd1 Kb7 39. f4 Ng4
40. Nd6+ Kc6 41. Nxc4 Kc5 42. Nb2 Ne3+ 43. Ke2 Nxg2 44. Kf3 Nh4+ 45. Kg4 Ng6
46. Kf5 Kd4 47. h4 Nxh4+ 48. Kxf6 b3 49. Ke6 Kc3 50. Na4+ Kb4 51. Nb2 Nf3 52.
f5 h5 53. f6 h4 54. Kf5 Nd4+ 55. Ke5 Nc6+ 56. Kd6 Nd8 57. Kd7 Nf7 58. Nd3+ Kc3
59. Ke6 Kxd3 60. Kxf7 b2 61. Ke7 b1=Q 62. f7 h3 63. f8=Q Qb4+ 64. Kf7 Qxf8+ 65.
Kxf8 h2 {Normal} 0-1

[Event "Rated Blitz tournament zb0mrT6M"]
[Site "?"]
[Date "2021.10.28"]
[Round "?"]
[White "GligNeir"]
[Black "bja555"]
[Result "0-1"]
[WhiteElo "2414"]
[BlackElo "2551"]
[PlyCount "46"]
[EventDate "2021.??.??"]
[EventType "blitz"]

1. e4 e5 2. Nf3 d5 3. exd5 e4 4. Qe2 Nf6 5. Nc3 Be7 6. Nxe4 O-O 7. d3 Re8 8.
Qd1 Nxd5 9. Be2 f5 10. Ng3 Bb4+ 11. c3 Nxc3 12. bxc3 Bxc3+ 13. Bd2 Bxa1 14.
Qxa1 Qxd3 15. Ne5 Qd6 16. Bf4 Qb4+ 17. Bd2 Qd6 18. Bf4 Be6 19. O-O Nc6 20. Rd1
Qb4 21. Nxc6 Qxf4 22. Nh5 Qg5 23. Ne5 Rad8 {Normal} 0-1

[Event "Rated Blitz game"]
[Site "?"]
[Date "2021.10.28"]
[Round "?"]
[White "Jimbaba"]
[Black "RCompany_1"]
[Result "0-1"]
[WhiteElo "2457"]
[BlackElo "2402"]
[PlyCount "94"]
[EventDate "2021.??.??"]
[EventType "blitz"]

1. e4 e5 2. Nf3 d5 3. Nxe5 Bd6 4. d4 dxe4 5. Nc4 Be7 6. Nc3 Nf6 7. Bg5 O-O 8.
Qd2 Nc6 9. O-O-O Nb4 10. Bxf6 Bxf6 11. Nxe4 Nd5 12. h3 a5 13. g4 Be7 14. f4 b5
15. Ne5 Bb7 16. Bxb5 a4 17. Bc6 Bb4 18. c3 Bxc6 19. Nxc6 Qe8 20. Ne5 Ba5 21.
Rhe1 a3 22. b3 f6 23. Nc4 Qc6 24. Nxa5 Rxa5 25. c4 Raa8 26. Nc5 Nb6 27. Re6 Qf3
28. Rde1 Rad8 29. d5 Qxh3 30. Qe2 Qg3 31. f5 Qf4+ 32. Kb1 Qd4 33. Nd3 Nd7 34.
Re4 Qb6 35. Rh1 h6 36. g5 fxg5 37. Re6 Qd4 38. Ne5 Nxe5 39. Rxe5 c6 40. Re4 Qf6
41. Rf1 cxd5 42. Re6 Qc3 43. f6 Rxf6 44. Rexf6 gxf6 45. Qe6+ Kg7 46. Qe7+ Kg6
47. Qxd8 Qb2# {Normal} 0-1

[Event "Rated Blitz tournament zxmYfnfR"]
[Site "?"]
[Date "2021.10.27"]
[Round "?"]
[White "Arandano22"]
[Black "Caligula666"]
[Result "1-0"]
[WhiteElo "2283"]
[BlackElo "2414"]
[PlyCount "53"]
[EventDate "2021.??.??"]
[EventType "blitz"]

1. e4 e5 2. Nf3 d5 3. d4 dxe4 4. Nxe5 Bd6 5. Nc3 Nf6 6. Bg5 Qe7 7. Nxe4 Bxe5 8.
dxe5 Qxe5 9. Bxf6 gxf6 10. Qe2 Be6 11. Nc3 Nc6 12. O-O-O Rg8 13. g3 Qa5 14. f4
f5 15. Bg2 Qb6 16. Rhe1 a5 17. Qc4 Rg6 18. Nd5 Qa7 19. Nxc7+ Kf8 20. Nxe6+ fxe6
21. Rd7 Qf2 22. Re2 Qg1+ 23. Rd1 Qxh2 24. Bxc6 Qxg3 25. Bxb7 Rb8 26. Qc7 Qxf4+
27. Qxf4 {Normal} 1-0